000 00624nam a22002177a 4500
005 20170124110014.0
010 _aA-828673
020 _c00.00
035 _aA-828673
037 _bCen Lib/Ret
040 _aDPL
_bEN
082 _a301.3
_bFIS
100 _aFisher, Tadd
_918426
245 _aOur overcrowded world /
_cby Tadd Fisher
260 _aNew York
_bParents' Magazine Press
_c1969
300 _a256p.
_c21cm(Hb)
500 _aIncludes bibliographic references and index
650 _aPopulation
_97656
650 _aPopulation--Environmental aspects
_918427
942 _2ddc
_cEN
_h301.3
_mFIS
999 _c126768
_d126768